Rozhovory mŕtvych (výber z poviedkovej tvorby)

Bibliographic Details
Main Author: Borges, Jorge Luis, 1899-1986 (Author)
Other Authors: Oleríny, Vladimír, 1921-2016 (Translator)
Format: Book
Language:Slovak
PhysicalDescription:322 s. 22 cm
Published: Bratislava Slovart c2000
ISBN:8071455016
Series:MM
Subjects:

MARC

LEADER 00000nam a2200000 a 4500
001 vtls001413031
003 SK-MaSNL
005 20260301202247.0
008 251113s2000 xo ra slo
015 |a SNBA2001/12-03951 
020 |a 8071455016 
035 |a SNK000367753 
035 |a urn:nbn:sk:snk-amk04s 
035 |a urn:nbn:sk:snk-am0087qh 
035 |a 1DF12DDD-7040-480D-A0DD-6E004ABBA8ED 
040 |a SNK  |b slo  |c SNK  |e AACR2 
041 0 |a slo 
044 |a xo  |c SK 
080 |a 860 (82)-3  |2 1981 
100 1 |a Borges, Jorge Luis,  |d 1899-1986  |4 aut  |9 6160 
245 1 0 |a Rozhovory mŕtvych  |b (výber z poviedkovej tvorby)  |c Jorge Luis Borges ; [zo španielskych originálov] do slovenčiny preložil Vladimír Oleríny 
260 |a Bratislava  |b Slovart  |c c2000 
300 |a 322 s.  |c 22 cm 
490 1 |a MM  |v zv. 22 
650 0 7 |a poviedky psychologické argentínske  |2 SNK  |9 584006 
655 7 |a umelecká literatúra  |2 SNK  |9 60405 
700 1 |a Oleríny, Vladimír,  |d 1921-2016  |4 trl  |9 57415 
830 0 |a MM  |9 297775 
852 |a Slovenská národná knižnica 
919 |a 80-7145-501-6 
954 |a beletria cudzojazyčná (svetová)  |2 lita 
958 |a TL 
958 |a UP 
958 |a NS 
958 |a LX 
968 |b ESP 
999 |c 898144  |d 900074 
952 |a SNK  |b SNK  |y PREZ  |7 0  |p 17A0300763  |o snkSC 104905  |i snkKSP 6230/2001  |0 0  |1 0  |4 0  |d 2001-05-18  |f 1  |l 0  |r 2025-09-25 00:00:00  |w 2026-02-24 
952 |a SNK  |b SNK  |y PREZ  |7 0  |p 17A1124817  |o snkSC 104905 D1  |i snk2016/11440  |8 3  |g 9.82  |0 0  |1 0  |4 0  |d 2016-05-04  |l 0  |r 2026-02-24 07:04:26  |w 2026-02-24